000 00806cam a2200229 a 4500
001 a3834
003 SIRSI
008 110331s2011 caua b 001 0 eng
010 _a2011012968
020 _a9781412987127 (pbk.)
020 _a1412987121 (pbk.)
035 _a(Sirsi) i9781412987127
050 0 0 _aLB1731
_b.R615 2011
082 0 0 _a371.1
_222
100 1 _aRoss, John D.
_q(John Douglas)
245 1 0 _aOnline professional development :
_bdesign, deliver, succeed! /
_cJohn D. Ross.
260 _aThousand Oaks, Calif. :
_bCorwin, a Joint Publication with Learning Forward,
_cc2011.
300 _axvii, 186 p. :
_bill. ;
_c28 cm.
504 _aIncludes bibliographical references and index.
650 0 _aTeachers
_xIn-service training.
650 0 _aCareer development
_xComputer-assisted instruction.
999 _c17744
_d17744